000 00293nam a22001217a 4500
008 170421b xxu||||| |||| 00| 0 eng d
041 _aeng
080 _a573
100 _a11
101 _aSHM
245 _aBIOLOGY CONCEPTS AND APPLICATION WITHOUT PHYSIOLOGY
_cSTARR.E
942 _2udc
_cBK
999 _c11546
_d11546